| 000 | 00457nam a22001697a 4500 | ||
|---|---|---|---|
| 005 | 20251108164909.0 | ||
| 008 | 250721s1991 xx 000 0 ara d | ||
| 082 | 1 | 4 | _a646.7/أني |
| 100 | 1 | _aالنبر، أنيس | |
| 245 | 1 | 0 | _aأصول و قواعد فن التجميل / |
| 264 | 1 |
_aعمان : _bالمؤلف، _c1991. |
|
| 300 | _a288ص | ||
| 650 | 1 | 7 | _aالتجميل |
| 650 | 1 | 7 | _aالمظهر الشخصي |
| 942 |
_2ddc _cBK |
||
| 999 |
_c16929 _d16929 |
||